| 000 | 01107nac a22002537a 4500 | ||
|---|---|---|---|
| 005 | 20150811160043.0 | ||
| 008 | 150811b2014 ck |||||r|||| 00| 0 spa d | ||
| 040 |
_aCO-BoIAVH _cCO-BoIAVH |
||
| 041 | 0 | _aspa | |
| 044 | _ack | ||
| 090 |
_aEA- _b303 |
||
| 100 | 1 | _aTavera Escobar, Héctor A. | |
| 245 | 1 |
_aRecuperando el manglar _bManual para el desarrollo de actividades de recuperación de manglar |
|
| 260 | 3 |
_aBogotá (Colombia): _bFundación Marviva, _c2014. |
|
| 300 |
_a28 p. _bilustraciones, fotografías, color. _c21 cm. |
||
| 490 | _aProyecto Incentivos a la Conservación, caso piloto Pacífico | ||
| 505 | _aSelección de los sitios a recuperar. La recolección de semillas. Selección de las semillas. Selección de la fuente del material vegetal. A producir plantas en vivero. La construcción del vivero. | ||
| 650 | 6 |
_aSiembra _vManual |
|
| 650 | 6 |
_aConservación de biodiversidad _vManual |
|
| 650 | 6 |
_aManejo de semillas _vManual |
|
| 700 | 1 | _aRentería Maturana, Elmer | |
| 700 | 1 | _aCastaño Murillo, Benjamín | |
| 942 |
_2z _cFolleto |
||
| 999 |
_c17664 _d17664 |
||